000 00294nam a2200109Ia 4500
008 200302s9999 xx 000 0 und d
100 _aCarol Belanger Grafton
245 _aHistoric Alphabets & Initials Woodcut & Ornamental
260 _bDover Publications Inc.
260 _c1977
300 _a175 P.,
999 _c80
_d80